000 00631nam a22002177a 4500
003 UA-OsUOA
001 120610
007 ta
008 20170208b un ||||| |||| 00| 0 ukr d
100 _aБабійчук Т.
090 _a82
_bБ12
942 _cSA
040 _aUA-OsUOA
_bukr
_cUA-OsUOA
_dUA-OsUOA
245 _aАсоціативне читання роману
300 _aС.35-44
955 _a0
041 _aukr
080 _a82
773 0 _w120608
_tУкраїнська мова і література в школі
_dК.
_d2016
_g5
650 7 _a82 Література. Літературознавство
_2UDC
999 _c406817
_d406817